Soliloquios del alma con Dios, en los cuales, según el orden de los versos del Miserere se expresan los afectos mismos de David, y se acomodan al penitente Cristiano (Record no. 8738)
[ view plain ]
| 000 -CABECERA | |
|---|---|
| campo de control de longitud fija | 01312nam a2200313 a 4500 |
| 001 - NÚMERO DE CONTROL | |
| campo de control | BRCA_9088 |
| 003 - IDENTIFICADOR DEL NÚMERO DE CONTROL | |
| campo de control | FranzMayer |
| 005 - FECHA Y HORA DE LA ÚLTIMA TRANSACCIÓN | |
| campo de control | 20230726105648.0 |
| 008 - DATOS DE LONGITUD FIJA--INFORMACIÓN GENERAL | |
| campo de control de longitud fija | 021017s1777----sp-#######---#000-0#spa-# |
| 040 ## - FUENTE DE LA CATALOGACIÓN | |
| Centro catalogador/agencia de origen | MFM |
| Lengua de catalogación | esp |
| Centro/agencia transcriptor | MFM |
| 041 ## - CÓDIGO DE LENGUA | |
| Código de lengua del texto/banda sonora o título independiente | spa |
| 044 ## - CÓDIGO DEL PAÍS DE LA ENTIDAD EDITORA/PRODUCTORA | |
| Código MARC del país | sp |
| 050 #4 - SIGNATURA TOPOGRÁFICA DE LA BIBLIOTECA DEL CONGRESO | |
| Número de clasificación | DCON1 |
| Número de documento/Ítem | .D53 1777 |
| 082 ## - NÚMERO DE LA CLASIFICACIÓN DECIMAL DEWEY | |
| Número de edición | BX2185 |
| 100 1# - ENTRADA PRINCIPAL--NOMBRE DE PERSONA | |
| Nombre de persona | Diotallevi, Alessandro |
| 9 (RLIN) | 22458 |
| 245 10 - MENCIÓN DE TÍTULO | |
| Título | Soliloquios del alma con Dios, en los cuales, según el orden de los versos del Miserere se expresan los afectos mismos de David, y se acomodan al penitente Cristiano |
| Mención de responsabilidad, etc. | escritos en lengua toscana por el padre Alexandro Diatallevi, de la estinguida Compañía llamada de Jesús ; y traducidos en castellano por D. José de Alexaga, Presbytero. |
| 260 ## - PUBLICACIÓN, DISTRIBUCIÓN, ETC. | |
| Lugar de publicación, distribución, etc. | Madrid |
| Nombre del editor, distribuidor, etc. | Por Blas Román |
| Fecha de publicación, distribución, etc. | 1777 |
| 300 ## - DESCRIPCIÓN FÍSICA | |
| Extensión | 123 p. |
| Dimensiones | 15.5 x 11 cm. |
| 500 ## - NOTA GENERAL | |
| Nota general | En portada: Se hallara en casa de D. Felipe Alberá, Carrera de S. Geronimo, frente la calle del Lobo |
| 500 ## - NOTA GENERAL | |
| Nota general | Estado físico: presenta encuadernación en pergamino |
| 500 ## - NOTA GENERAL | |
| Nota general | Donación del Arq. Sergio Aguilas Moreno |
| 500 ## - NOTA GENERAL | |
| Nota general | Número de control : 00003 |
| 610 24 - PUNTO DE ACCESO ADICIONAL DE MATERIA--NOMBRE DE ENTIDAD CORPORATIVA | |
| Nombre de entidad corporativa o nombre de jurisdicción como elemento de entrada | Iglesia católica |
| Subdivisión de forma | Plegarias y devociones |
| 9 (RLIN) | 22459 |
| 650 14 - PUNTO DE ACCESO ADICIONAL DE MATERIA--TÉRMINO DE MATERIA | |
| Término de materia o nombre geográfico como elemento de entrada | Penitencias |
| 9 (RLIN) | 22460 |
| 650 14 - PUNTO DE ACCESO ADICIONAL DE MATERIA--TÉRMINO DE MATERIA | |
| Término de materia o nombre geográfico como elemento de entrada | Ejercicios devotos |
| 9 (RLIN) | 22461 |
| 700 1# - PUNTO DE ACCESO ADICIONAL--NOMBRE DE PERSONA | |
| Nombre de persona | Alexaga,José de |
| Término indicativo de función/relación | tr. |
| 9 (RLIN) | 22462 |
| 902 ## - CATALOGADOR | |
| Iniciales | DCON |
| 942 ## - ELEMENTOS DE PUNTO DE ACCESO ADICIONAL (KOHA) | |
| Fuente del sistema de clasificación o colocación | Library of Congress Classification |
| Tipo de ítem Koha | Libros |
| Estado de retiro | Estado de pérdida | Fuente del sistema de clasificación o colocación | Estado dañado | No para préstamo | Código de colección | Localización permanente | Ubicación/localización actual | Fecha de adquisición | Fuente de adquisición | Total de préstamos | Signatura topográfica completa | Código de barras | Fecha visto por última vez | Precio válido a partir de | Tipo de ítem Koha |
|---|---|---|---|---|---|---|---|---|---|---|---|---|---|---|---|
| El ejemplar forma parte de la colección y puede ser consultado según las políticas vigentes. | Library of Congress Classification | Conventual Franz Mayer | Biblioteca del Museo Franz Mayer (Rogerio Casas-Alatriste) | Biblioteca del Museo Franz Mayer (Rogerio Casas-Alatriste) | 02/10/2017 | Donación | DCON1 D53 1777 | DCON00001 | 22/03/2019 | 22/03/2019 | Libros |